Cette année-là:1809 - Statistiques

Statistiques générales
  • Ce quiz a été pris 26 fois
  • Le résultat moyen est 4 sur 10
Statistiques - réponses
indices réponses % Correct
17 septembre: Suite au traité de Fredrikshamn, ce pays est abandonné à la Russie par la Suède. Finlande
78%
15 décembre: Un sénatus-consulte prononce mon divorce avec Napoléon Joséphine de Beauharnais
61%
6 juillet: Victoire décisive de la France contre l'Autriche. Bataille de Wagram
43%
10 août: Ce territoire d'Amérique du sud est le premier à prendre son indépendance vis-à-vis de l'Espagne Equateur
43%
12 juin: Pie VII prononce cette sanction contre l'Empereur qui occupe ses Etats. Excommunication
43%
14 janvier: Les Anglais et les Portugais s'emparent de cette colonie française. Guyane
26%
21-22 mai: Défaite tactique française où meurt le Maréchal Lannes. Bataille d'Essling
22%
28 janvier: J'entre en disgrâce à cause d'un "complot" contre l'Empereur Talleyrand
22%
14 octobre: La paix à l'avantage de la France est signée dans ce palais viennois. Schönbrunn
13%
9 avril: Je lance une insurrection contre la France dans le Tyrol, je deviendrais un héros national en Allemagne Andreas Hofer
4%
Aucun quiz correspondant
Distribution des résultats
% des personnes avec chaque résultat
Percentile par nombre de réponses
Votre historique - résultats
Vous n’avez pas pris ce quiz